| 000 | 00788nam 22002053 4500 | ||
|---|---|---|---|
| 001 | 200728 | ||
| 021 | _b19991/88 | ||
| 090 | _a200728 | ||
| 100 | _a20260225d u||y0pory50 ba | ||
| 200 |
_aArquitectura popular em Portugal _fAlfredo da Mata...[et al.] _gCoordenação de Edição José Norberto |
||
| 205 | _a3ª | ||
| 210 |
_aLisboa _cAssociação dos Arquitectos Portugueses _d1988 |
||
| 215 |
_a3 vols _cencadernado _d28 cm |
||
| 327 | _a1º Volume: Zona 1: Minho, Zona 2:Trás-os-montes. -230 p. 2º Volume: zona 3: Beiras, Zona 4. Estremadura. -242 p. 3º Volume: zona 5: Alentejo, Zona 6 Algarve. -283 p. | ||
| 606 |
_94600 _aArquitetura |
||
| 675 |
_a72 _vPT _zpor |
||
| 702 |
_916480 _aAntunes _bAlfredo da Mata |
||
| 801 |
_aPT _bBMMN _gRPC |
||
| 830 |
_cFernando _fFernando |
||
| 990 | _cLIVROS | ||